00739nam a2200205 i 450000100060000000300090000600500170001500700030003200800410003510000280007624500980010426000640020230000260026649000240029270000260031683000320034285200210037499900170039595201210041234594ES-MaACL20230906154949.0t|030207s1923 fr ||||1| fre d1 aBoigey, Maurice.92984413aLa science des couleurs et l'art du peintre / cpar Maurice Boigey ; preface de J.F. Bouchor. aParis : bFélix Alcan, c1923 (eEvreux : fCh. Herissey) aVI, 176 p. ; c21 cm.1 aArt et esthétique1 aBouchor, J. F.9308410 aArt et esthétique9182920 aES-MaACLjF-1140 c34594d34594 00104070aATENEOMbATENEOMcDEPO2d2008-01-17eSCl0oF-1140p1036083r2023-02-23 00:00:00w2023-02-23yMONOGRAFIA